00905nam a22002297a 4500003000400000005001700004008004100021020001800062040003400080082002400114100002500138245014900163250004500312260002600357300006200383490002900445490003600474650003100510650005100541700004300592700004000635OSt20220606101617.0220602b ||||| |||| 00| 0 spa d a9786123050450 cBiblioteca Municipal de Cusco a869.56/C938PbC938P aCueto, Alonsod1954- aPálido cielo /cAlonso Cueto ; prólogo de Jeremías Gamboa ; orientación para maestros y guía de lectura, Jéssica Rodríguez López aSegunda edición, primera reimpresión aLima :bPeisa,c2019. a82, [1] páginas. :bilustraciones., retratos. ;c19 cm. aSerie del río hablador aBiblioteca Alonso Cueto. Novela aNovelas peruanasySiglo XX aComprensión de lecturavCuadernos de trabajo aGamboa, Jeremíasd1975-eprologuista aRodríguez López, Jessicad1972-